000
00272nam a2200121Ia 4500
008
190216s9999||||xx |||||||||||||| ||und||
100
_a
Balakrishna Rav
245
0
_a
Hindi-Madhya Pradesh Chantheesgud
260
_b
Ajay
300
_a
202
650
_a
Hindi
942
_c
BK
999
_c
16388
_d
16388